Young Multi - piosenka po emotkach cz. 2 - Statystyki

Ogólne statystyki
  • Ten quiz został rozwiązany 149 razy
  • Średni wynik to 6 z 10
Statystyki odpowiedzi
Emotki Piosenka % Poprawnych
💎 Diamenty
91%
🔫4️⃣7️⃣ AK47
81%
🆕🌊 Nowa Fala
79%
🎒💰 Plecak
78%
🥵1️⃣6️⃣ Hot16Challenge2
69%
9️⃣❤ 9 Żyć
54%
🙅‍♂️😴 Nigdy Nie Śpię
46%
🎭 Kim Ty Jesteś
35%
📸 Błysk flesza
31%
✉🔓 List otwarty
29%
Nie znaleziono quizów pasujących do podanych kryteriów
Rozkład punktacji
Procent ludzi z każdym wynikiem
Percentyl według liczby udzielonych odpowiedzi
Twoja historia wyników
Nie rozwiązałeś tego quizu